LEADER 00788nam a2200193 i 4500 001 000000229657 003 CaOOAMICUS 005 20140514000000.0 008 140514s1791 it u000 u ger u 013 $a208559 040 $aSeMil$bita 245 10$aDes alten Testamentes dritter Band. 300 $a444 p., [1] carta di tav. :$bill. xilogr. 773 0 $tGanze heilige Schrift, nach der in der katholischen Kirche angenommenen lateinischen Übersetzung neu verdeutscht.$dWien : gedruckt und verlegt von Ignaz Alberti, 1791-1793.$g3$w()29882 850 $aSeMil 852 $aSeMil$W1$xVenegono$y1$m2V I 3 FA$j180003$B180003$CSeMilBibl$Z2$F191110 $8I 941 1 $a10 961 $aRecupero: Mantegazza 996 $6245$aDes alten Testamentes dritter Band$9(OLS)http://semarc/title/328417 LEADER 01800nam a2200349 i 4500 001 000000176668 003 CaOOAMICUS 005 20081215000000.0 008 081215s2008 be u000 u fre u 013 $a154157 020 $a978-90-429-1903-7 020 $a978-90-5867-684-9 040 $aSeMil$bita 100 1 $aCangh, Jean-Marie : van.$0(OLS)http://semarc/name/32621 245 14$aLes sources judaïques du Nouveau Teestament :$brecueil d'essais /$cPar J.-M. van Cangh. 260 $aLeuven ; Paris ; Dudley (MA) :$bUitgeverij Peeters,$c2008. 260 $aLeuven :$bUniversity Press,$c2008. 300 $aXIII, 718,4 p., [1] p. di ritratto ;$c25 cm. 490 0 $aBibliotheca Ephemeridum Theologicarum Lovaniensium ;$v204. 500 $aContiene : Textes bibliques. 650 4$aBibbia. Nuovo Testamento - Relazione [con] Antico Testamento.$0(OLS)http://semarc/subject/44682 650 4$aBibbia - Commentari, studi, critica, interpretazioni.$0(OLS)http://semarc/subject/783 650 4$aLetteratura rabbinica - [Relazione con] Nuovo Testamento.$0(OLS)http://semarc/subject/4340 830 0$aBibliotheca Ephemeridum Theologicarum Lovaniensium ;$v204.$0(OLS)http://semarc/title/108 850 $aSeMil 852 $aSeMil$W1$xVenegono$y1$m2IA A 204$j127488$B127488$CSeMilBibl$Z2$F137859 $81 961 $aSottoscrizione: Glossa 996 $6020$a978-90-429-1903-7$9(OLS)http://semarc/number/165311 996 $6020$a978-90-5867-684-9$9(OLS)http://semarc/number/165312 996 $6245$aLes sources judaïques du Nouveau Teestament :$brecueil d'essais$9(OLS)http://semarc/title/253640 996 $6260$aLeuven :$bUniversity Press$9(OLS)http://semarc/publisher/30124 996 $6260$aLeuven ; Paris ; Dudley (MA) :$bUitgeverij Peeters$9(OLS)http://semarc/publisher/34531